Normal view MARC view

Entry Personal Name

Number of records used in: 2

001 - CONTROL NUMBER

  • control field: 49628

003 - CONTROL NUMBER IDENTIFIER

  • control field: dpl

005 - DATE AND TIME OF LATEST TRANSACTION

  • control field: 20120627170505.0

008 - FIXED-LENGTH DATA ELEMENTS

  • fixed length control field: 120627|||a|||||| | ||| d

040 ## - CATALOGING SOURCE

  • Original cataloging agency: dpl
  • Transcribing agency: dpl

100 ## - HEADING--PERSONAL NAME

  • Personal name: द्विवेदी, दीक्षा

670 ## - SOURCE DATA FOUND

  • Source citation: Work cat.: (dpl)68225: द्विवेदी, दीक्षा, सरल निबंध एवं कहानी-लेखन;, 2010

670 ## - SOURCE DATA FOUND

  • Source citation: Work cat.: (dpl)68225: द्विवेदी, दीक्षा, सरल निबंध एवं कहानी-लेखन;, 2010

© Delhi Public Library
Hit Counter
free hit counter